| 000 | 01054pam a2200337 a 4500 | ||
|---|---|---|---|
| 001 | 015748259 | ||
| 003 | Uk | ||
| 005 | 20150824130132.0 | ||
| 008 | 110202s2012 enka fr 001 0 eng d | ||
| 020 | _a0273754289 (pbk.) | ||
| 020 | _a9780273754282 (pbk.) | ||
| 020 | _a9780273754299 (student access code) | ||
| 020 | _a0273754297 (student access code) | ||
| 040 |
_aEG-ScBUE _beng _cEG-ScBUE |
||
| 082 | 0 | 4 |
_a658.15 _222 _bGIT |
| 100 | 1 |
_aGitman, Lawrence J. _932927 |
|
| 245 | 1 | 0 |
_aPrinciples of Managerial Finance / _cLawrence J. Gitman, Chad J. Zutter. |
| 250 | _a13th ed., Global ed. | ||
| 260 |
_aHarlow : _bPearson Education, _cc.2012. |
||
| 300 |
_a1 v. (various pagings) : _bcol. ill. ; _c26 cm. |
||
| 500 | _aGlossary. | ||
| 500 | _aIncludes index. | ||
| 500 | _aAppendix . | ||
| 590 | _aMenna Elemam | ||
| 650 | 0 |
_aBusiness enterprises _xFinance. _932928 _2BUEsh |
|
| 650 | 0 |
_aCorporations _x Finance _2BUEsh |
|
| 651 | _2BUEsh | ||
| 653 |
_bBUSADM _cAugust2015 |
||
| 700 | 1 | _tZutter, Chad J. | |
| 942 |
_2ddc _k658.15 GIT _cBB |
||
| 999 |
_c17387 _d17359 |
||